Ciencias y tecnología : (Record no. 211024)
[ view plain ]
| 000 -CABECERA | |
|---|---|
| campo de control de longitud fija | 00917nam a2200241 a 4500 |
| 003 - IDENTIFICADOR DEL NÚMERO DE CONTROL | |
| campo de control | MX-MxUPN |
| 005 - FECHA Y HORA DE LA ÚLTIMA TRANSACCIÓN | |
| campo de control | 20240305135756.0 |
| 008 - ELEMENTOS DE LONGITUD FIJA--INFORMACIÓN GENERAL | |
| campo de control de longitud fija | 240220s2023 mx ao||fr|||| 000 0 spa d |
| 020 ## - NÚMERO INTERNACIONAL NORMALIZADO PARA LIBROS | |
| Número Internacional Estándar del Libro | 9786075519487 |
| 040 ## - FUENTE DE LA CATALOGACIÓN | |
| Centro catalogador/agencia de origen | MX-MxUPN |
| Lengua de catalogación | spa |
| Centro/agencia transcriptor | MX-MxUPN |
| 041 0# - CÓDIGO DE IDIOMA | |
| Código de lengua del texto/banda sonora o título independiente | spa |
| 050 14 - SIGNATURA TOPOGRÁFICA DE LA BIBLIOTECA DEL CONGRESO | |
| Número de clasificación | LB1649 |
| Número de documento/Ítem | M63 2023 LM |
| 245 00 - MENCIÓN DE TÍTULO | |
| Título | Ciencias y tecnología : |
| Resto del título | Química : libro para el maestro : telesecundaria : tercer grado |
| 246 14 - FORMA VARIANTE DE TÍTULO | |
| Título propio/Titulo breve | Libro para el maestro : |
| Resto del título | ciencias y tecnología : Química : tercer grado |
| 250 ## - MENCIÓN DE EDICIÓN | |
| Mención de edición | Segunda edición. |
| 260 ## - PUBLICACIÓN, DISTRIBUCIÓN, ETC. | |
| Lugar de publicación, distribución, etc. | Ciudad de México : |
| Nombre del editor, distribuidor, etc. | Secretaría de Educación Pública, Comisión Nacional de Libros de Texto Gratuitos, |
| Fecha de publicación, distribución, etc. | 2023 |
| 300 ## - DESCRIPCIÓN FÍSICA | |
| Extensión | 174 páginas : |
| Otras características físicas | ilustraciones, fotografías |
| 490 0# - MENCIÓN DE SERIE | |
| Mención de serie | Telesecundaria |
| 650 ## - ASIENTO SECUNDARIO DE MATERIA - TERMINO TEMATICO | |
| Término de materia o nombre geográfico como elemento de entrada | Química |
| Subdivisión general | Estudio y enseñanza (Secundaria) |
| 902 ## - ELEMENTOS DE DATOS B LOCAL, LDB (RLIN) | |
| Creó | GCH200224 |
| Modificó | Víctor Ruiz/050324 |
| 942 ## - ELEMENTOS DE PUNTO DE ACCESO ADICIONAL (KOHA) | |
| Fuente del sistema de clasificación o colocación | Library of Congress Classification |
| Tipo de ítem Koha | Libro |
| Suprimir en OPAC | No |
| Estado de retiro | Estado de pérdida | Fuente del sistema de clasificación o colocación | Estado dañado | No para préstamo | Código de colección | Localización permanente | Ubicación/localización actual | Ubicación en estantería | Fecha de adquisición | Clasificación | Código de barras | Fecha visto por última vez | Precio válido a partir de | Tipo de ítem Koha | Número de copia |
|---|---|---|---|---|---|---|---|---|---|---|---|---|---|---|---|
| Library of Congress Classification | Disponible (Préstamo en sala) | Libros de texto gratuitos | Bib. Gregorio Torres Quintero | Bib. Gregorio Torres Quintero | Colecciones especiales Planta alta | 20/02/2024 | LB1649 M63 2023 LM | 338100 | 20/02/2024 | 20/02/2024 | Libro | ||||
| Library of Congress Classification | Disponible (Préstamo en sala) | Libros de texto gratuitos | Bib. Gregorio Torres Quintero | Bib. Gregorio Torres Quintero | Colecciones especiales Planta alta | 20/02/2024 | LB1649 M63 2023 LM | 338129 | 22/02/2024 | 20/02/2024 | Libro | Ej.2 | |||
| Library of Congress Classification | Disponible (Préstamo en sala) | Libros de texto gratuitos | Bib. Gregorio Torres Quintero | Bib. Gregorio Torres Quintero | Colecciones especiales Planta alta | 20/02/2024 | LB1649 M63 2023 LM | 338317 | 27/02/2024 | 20/02/2024 | Libro | Ej.3 |
